000
00322 a2200145 4500
001
45585
020
_a
8575180096
040
_c
Anchieta - Aquarius
240
1
0
_a
Nova enciclopédia Barsa
_l
por
245
1
0
_a
Nova enciclopédia Barsa
300
_a
362
0
_a
2002
650
4
_a
Espanholas e portuguesas
942
_c
BK
999
_c
45585
_d
45585